| 000 | 00508nam a2200193Ia 4500 | ||
|---|---|---|---|
| 008 | 160418s9999 xx 000 0 und d | ||
| 050 | _aFIL PN 4121 | ||
| 050 | _b.S64 2004 c.1 | ||
| 245 | _aSpeech communication / | ||
| 245 | _cPaciencia Q. Tiburcio… [et al] | ||
| 260 | _aMakati City: | ||
| 260 | _bGrandwater Pub., | ||
| 260 | _c2004 | ||
| 300 | _a202 pages : | ||
| 300 | _billustrations ; | ||
| 300 | _c25 cm. | ||
| 500 | _aIncludes bibliographical references. | ||
| 650 | _aPublic speaking. | ||
| 999 |
_c293502 _d293502 |
||